00562nam a2200193 a 4500001001300000003000900013005001700022008004100039020002300080082001800103100002600121245003900147260005400186300000900240500003500249505002600284650003200310700002600342nice12345678IN_TiNIC20260116014206.0050524s2002 newa grp 000 0 eng  a8174353 c15000a297.63bSHA11 aShaikh, Fazlur Rehman aChronology of the Prophetic Events aNew Delhi bAdam Publisher and Distributer c2002 a157p aincludes index and biblioraphy2 aIndex, Quranic Verses aMuhammad, Prophet-Biography1 aShaikh, Fazlur Rehman